000 00218 a2200085 4500
020 _a9781405322324
082 _a618.92 VALM
100 _aVALMAN BERNARD
_9151716
245 _aWhen your child is ill a home guide for parents
999 _c775689
_d775688
942 _w406
_xSifiso Ndbele
_y406
_zSifiso Ndbele